| 000 | 00741nam a2200205Ia 4500 | ||
|---|---|---|---|
| 005 | 20241216011344.0 | ||
| 008 | 190429s9999||||xx |||||||||||||| ||und|| | ||
| 082 |
_a155.5 _bM19 |
||
| 100 | _aMALPARTIDA NORABUENA, KARINA MAGALY Y RIVERA SUAREZ, PATRICIA MONICA | ||
| 245 | 0 | _aTRATAMIENTO DE BAJA AUTOESTIMA POR EL METODO RIMAL EN ADOLESCENTES DE 15 A 18 AÑOS COLEGIO NACIONAL MARIA PARADO DE BELLIDO CERRO DE PASCO JUNIO - JULIO 2003 | |
| 250 | _a0 | ||
| 260 |
_aCERRO DE PASCO-PERU _bUNDAC _c2003 |
||
| 300 |
_a67 pag. _c30 cm. |
||
| 341 | _h0 | ||
| 490 |
_v0 _a0 |
||
| 505 | _aMATERIAL/METOSO/RESULTADO/DISCUSION /CONCLUSION | ||
| 541 |
_aD _bMALPARTIDA NORABUENA KARI _d11-Mar-05 _oSoles |
||
| 650 | _aEnfermería | ||
| 942 | _cTESIS | ||
| 999 |
_c39603 _d39603 |
||